Normal view
MARC view
- Supervisor Dr. Muhammad Umar Khan ; Co-Supervisor Dr. Sajjad Hussain
Entry Personal Name
001 - CONTROL NUMBER
- control field: 96812
003 - CONTROL NUMBER IDENTIFIER
- control field: NUST
005 - DATE AND TIME OF LATEST TRANSACTION
- control field: 20220811101604.0
008 - FIXED-LENGTH DATA ELEMENTS
- fixed length control field: 220811|| aca||aabn | a|a d
040 ## - CATALOGING SOURCE
- Original cataloging agency: NUST
- Transcribing agency: NUST
100 ## - HEADING--PERSONAL NAME
- Personal name: Supervisor Dr. Muhammad Umar Khan ; Co-Supervisor Dr. Sajjad Hussain
670 ## - SOURCE DATA FOUND
- Source citation: Work cat.: (NUST): Rubab, Naila 96811, Performance Characterization of MIMO Antennas in Non-Uniform Scattering Environment /
